1962 1860 1971 1817 1004 1835 1629 1152 1239 1238 1067 1732 1579 1614 1374 1411 1091 1828 1610 1648 1239 1776 1552 1073 1151 1389 1711 1161 1728 1007 1401 1439 1690 1554 1912 1915 1685 1018 1618 1026 1405 1988 1536 1405 1925 1367 1832 1820 1072 1822 1576 1134 1426 1496 1246 1813 1938 1766 1950 1738 1584 1201 1911 1937 1393 1967 1494 1229 1255 1964 1247 1151 1577 1658 1088 1401 1501 1087 1622 1394 1783 1985 1463 1196 1939 1219 1937 1369 1288 1040 1423 1049 1043 1335 1160 1680 1091 1219 1878 BCNSPRNW ULIB Ver.6.0+V

เปลี่ยนเป็นภาษาไทย

Change to English
 แสดงรายละเอียดบรรณานุกรม
  กลับหน้าหลัก

Brief Record : Get Marc (ISO 2709) : E-mail record : QR code < ปิดหน้าต่าง
LEADER : 00000nam 2200000uu 4500
001    13399113171
003     ULIB
008    110930s2552||||th 000 0 tha d
020    9789742129422
050  4 QA76.76^bอ618ต 2552
100 0  อาณัติ รัตนถิรกุล
245 10 ติดตั้งและบริหาร Linux web hosting ใช้งานในองค์กร(ภาคปฏิบัติ) /^cอาณัติ รัตนถิรกุล
246 30 Linux web hosting ใช้งานในองค์กร (ภาคปฏิบัติ)
260    กรุงเทพฯ :^bซีเอ็ดยูเคชั่น,^c2552
300    360 หน้า :^bภาพประกอบ ;^c22 ซม.
650  4 ลีนุกซ์ (ระบบปฏิบัติการคอมพิวเตอร์)
650  4 ระบบปฏิบัติการ (คอมพิวเตอร์)
945    ^p250^l0^i027346
995    อุมาภรณ์ ปิติชาญ
995    ทศพร
999 ^a ศิริพร
รายการนี้ยังไม่มีแท็ก
คุณยังไม่ได้ล็อกอิน คุณสามารถมีกิจกรรมร่วมกับเว็บไซต์ได้ แต่ต้องล็อกอินก่อน ::
  ล็อกอิน

รายการสื่อสารสนเทศ

ลำดับที่ ประเภท เลขเรียก/บาร์โค้ด สถานที่ สถานะ
- ไม่พบข้อมูล -

รายการใกล้เคียง
    ผู้แต่ง [อาณัติ รัตนถิรกุล]

    หัวเรื่อง [ลีนุกซ์ (ระบบปฏิบัติการคอมพิวเตอร์)]
    หัวเรื่อง [ระบบปฏิบัติการ (คอมพิวเตอร์)]

BibComment


ยังไม่เคยถูกคอมเมนท์

คอมเมนท์ทรัพยากรรายการนี้
  คอมเมนท์: ติดตั้งและบริหาร ..


 Copyright 2026. Bcnsprnw @Library